000 00411nab a22001097u 4500
008 130520b2003 xxu||||| |||| 00| 0 por d
041 _apor
100 1 _aManique da Silva, Carlos
_965789
245 0 0 _aUma instituiçäo de ensino fundada por D. Pedro V: a Escola Real de Mafra
_cCarlos Manique Da Silva
773 0 _tRevista da Faculdade de Letras
_gV.4, nº4,2003,págs. 275-296
_x0871-164X
_wRev369
942 _cAR
999 _c350358
_d350358